| 000 | 00000nam 22000008a 4500 |
| 001 | 9.834733 |
| 003 | CaOODSP |
| 005 | 20221107150512 |
| 007 | cr ||||||||||| |
| 008 | 170404s2017 quc o f00| 0 fre d |
| 020 | |a978-0-660-08184-7 |
| 040 | |aCaOODSP|bfre |
| 043 | |an-cn--- |
| 086 | 1 |aCW66-547/2017F-PDF |
| 245 | 00|aEngager les acteurs du milieu et la population à la protection à long terme des espèces en péril et de leur habitat |h[ressource électronique]. |
| 260 | |a[Gatineau, Québec] : |bEnvironnement et Changement climatique Canada, |c[2017]. |
| 300 | |a[1] p. |
| 500 | |aPubl. aussi en anglais sous le titre : Engaging stakeholders and citizens in long-term protection of species at risk and their habitats. |
| 500 | |aTitre de départ. |
| 500 | |a« Programme d'intendance de l'habitat - Volet des espèces en péril. » |
| 692 | 07|2gccst|aConservation de la nature |
| 692 | 07|2gccst|aEspèce menacée |
| 692 | 07|2gccst|aHabitat |
| 710 | 2 |aService canadien de la faune. |
| 775 | 08|tEngaging stakeholders and citizens in long-term protection of species at risk and their habitats |w(CaOODSP)9.834732 |
| 856 | 40|qPDF|s339 Ko|uhttps://publications.gc.ca/collections/collection_2017/eccc/CW66-547-2017-fra.pdf |